ბათუმის შოთა რუსთაველის სახელმწიფო უნივერსიტეტის ბიბლიოთეკა

Капитал распределение эффективный спрос=Cfpital , Distribution and Efftctive Demand (ბიბ.ჩანაწერი № 37010)

000 -LEADER
fixed length control field 00849nam a2200241Ia 4500
001 - CONTROL NUMBER
control field 2962
003 - CONTROL NUMBER IDENTIFIER
control field GE_BSU
008 - FIXED-LENGTH DATA ELEMENTS--GENERAL INFORMATION
fixed length control field 181216s||||||||xx |||||||||||||| ||und||
020 ## - INTERNATIONAL STANDARD BOOK NUMBER
International Standard Book Number 5851770295;0745606296
040 ## - CATALOGING SOURCE
Transcribing agency GE_BSU
080 ## - UNIVERSAL DECIMAL CLASSIFICATION NUMBER
Universal Decimal Classification number 330.44
100 ## - MAIN ENTRY--PERSONAL NAME
Personal name Курц, Х.Д.
245 ## - TITLE STATEMENT
Title Капитал распределение эффективный спрос=Cfpital , Distribution and Efftctive Demand
245 ## - TITLE STATEMENT
Statement of responsibility, etc. Пер. с.англ под. ред. член. корр.Ран И.И. Елисевой. Егл. ред изд.-ва Н.Д.Эриашвили
260 ## - PUBLICATION, DISTRIBUTION, ETC.
Place of publication, distribution, etc. Москва
260 ## - PUBLICATION, DISTRIBUTION, ETC.
Name of publisher, distributor, etc. Аудит, Юнити
260 ## - PUBLICATION, DISTRIBUTION, ETC.
Date of publication, distribution, etc. 1998
300 ## - PHYSICAL DESCRIPTION
Extent 294 ст.
520 ## - SUMMARY, ETC.
Summary, etc. Русск; Англ;
653 ## - INDEX TERM--UNCONTROLLED
Uncontrolled term Капитал распределение эффективный спрос
942 ## - ADDED ENTRY ELEMENTS (KOHA)
Koha item type წიგნი
ეგზემპლარები
Withdrawn status Lost status Damaged status Not for loan Date acquired Barcode Date last seen Price effective from Koha item type Public note
        2018-12-17 7877 2018-12-17 2018-12-17 წიგნი დარბაზი
        2018-12-17 7878 2018-12-17 2018-12-17 წიგნი დარბაზი
        2018-12-17 8179 2018-12-17 2018-12-17 წიგნი დარბაზი